[Event "Almunecar FEDC op 23th"]
[Site "Almunecar"]
[Date "2019.10.01"]
[Round "4"]
[White "Garcia Diaz, Jose"]
[Black "Morales Torres, Ildefonso"]
[Result "1-0"]
[WhiteElo "1536"]
[BlackElo "1047"]
[PlyCount "77"]
[EventDate "2019.09.28"]
[EventType "swiss"]
[EventRounds "7"]
[EventCountry "ESP"]
[SourceTitle "EXT 2024"]
[Source "ChessBase"]
[SourceDate "2023.10.10"]
[SourceVersion "1"]
[SourceVersionDate "2023.10.10"]
[SourceQuality "1"]

1. e4 e5 2. Nf3 Nf6 3. Nc3 Nc6 4. a3 a6 5. Bc4 Bc5 6. d3 d6 7. h3 0-0 8. 0-0 h6 9. Nd5 Nd4 10. Nxd4 Bxd4 11. c3 Ba7 12. Qf3 Nxd5 13. Bxd5 Qd7 14. Qg3 Kh7 15. Be3 c6 16. Ba2 d5 17. Bxa7 Rxa7 18. Qxe5 Re8 19. Qd4 Ra8 20. exd5 Re2 21. Rab1 Qf5 22. dxc6 bxc6 23. Bc4 Bb7 24. Qb6 Rb8 25. Qc7 Qc8 26. Qxf7 Qe8 27. Qf5+ Kh8 28. d4 c5 29. Bxe2 Qxe2 30. Rfe1 Qc4 31. Qxc5 Qf7 32. Re7 Qf6 33. Rbe1 Rf8 34. f3 Bxf3 35. Re8 Rxe8 36. Rxe8+ Kh7 37. Rf8 Qg5 38. Qxg5 hxg5 39. Rxf3 1-0

[Event "Almunecar FEDC op 23th"]
[Site "Almunecar"]
[Date "2019.09.29"]
[Round "2"]
[White "Garcia Lorenzo, Jaime"]
[Black "Morales Torres, Ildefonso"]
[Result "1/2-1/2"]
[WhiteElo "1299"]
[BlackElo "1047"]
[PlyCount "52"]
[EventDate "2019.09.28"]
[EventType "swiss"]
[EventRounds "7"]
[EventCountry "ESP"]
[SourceTitle "EXT 2024"]
[Source "ChessBase"]
[SourceDate "2023.10.10"]
[SourceVersion "1"]
[SourceVersionDate "2023.10.10"]
[SourceQuality "1"]

1. d4 d5 2. Nf3 Nf6 3. e3 Bf5 4. b3 e6 5. Bb2 Bd6 6. Bd3 Bxd3 7. Qxd3 0-0 8. 0-0 c6 9. Nbd2 Nbd7 10. Rac1 Re8 11. c4 dxc4 12. bxc4 c5 13. e4 e5 14. dxe5 Nxe5 15. Nxe5 Bxe5 16. Qxd8 Raxd8 17. Bxe5 Rxe5 18. Rcd1 Rde8 19. f4 R5e7 20. e5 Nd7 21. Nf3 f6 22. Rfe1 fxe5 23. fxe5 Nxe5 24. Nxe5 Rxe5 25. Rxe5 Rxe5 26. Kf2 Re7 1/2-1/2

[Event "Almunecar FEDC op 21th"]
[Site "Almunecar"]
[Date "2018.10.07"]
[Round "6"]
[White "Jimenez Mahillo, David"]
[Black "Morales Torres, Ildefonso"]
[Result "1-0"]
[WhiteElo "1367"]
[BlackElo "1053"]
[PlyCount "37"]
[EventDate "2018.10.02"]
[EventType "swiss"]
[EventRounds "7"]
[EventCountry "ESP"]
[SourceTitle "EXT 2024"]
[Source "ChessBase"]
[SourceDate "2023.10.10"]
[SourceVersion "1"]
[SourceVersionDate "2023.10.10"]
[SourceQuality "1"]

1. e4 e5 2. Nf3 Nc6 3. Bc4 Bc5 4. c3 a6 5. a3 b5 6. Ba2 Bb7 7. 0-0 d6 8. d4 Ba7 9. Be3 Nf6 10. Nbd2 Ne7 11. dxe5 Nxe4 12. Bxa7 Nxd2 13. Qxd2 Bxf3 14. gxf3 Rxa7 15. Rad1 0-0 16. exd6 cxd6 17. Qxd6 Qa8 18. Rd3 Rd8 19. Qxd8+ 1-0

[Event "Almunecar FEDC op 21th"]
[Site "Almunecar"]
[Date "2018.10.03"]
[Round "2"]
[White "Garrido Busto, Francisco"]
[Black "Morales Torres, Ildefonso"]
[Result "1-0"]
[WhiteElo "1444"]
[BlackElo "1053"]
[PlyCount "45"]
[EventDate "2018.10.02"]
[EventType "swiss"]
[EventRounds "7"]
[EventCountry "ESP"]
[SourceTitle "EXT 2024"]
[Source "ChessBase"]
[SourceDate "2023.10.10"]
[SourceVersion "1"]
[SourceVersionDate "2023.10.10"]
[SourceQuality "1"]

1. e4 e5 2. Nf3 Nc6 3. Bc4 Bc5 4. 0-0 h6 5. c3 d6 6. d4 Na5 7. Bxf7+ Kxf7 8. dxc5 Nf6 9. cxd6 cxd6 10. h3 Nxe4 11. Qd5+ Be6 12. Qxe4 Re8 13. Nbd2 Qd7 14. Re1 Bf5 15. Qd5+ Be6 16. Qxa5 Bxh3 17. gxh3 Qxh3 18. Qd5+ Re6 19. Ne4 Qg4+ 20. Ng3 Rae8 21. Qe4 Qg6 22. Qxg6+ Rxg6 23. Kf1 1-0

[Event "Almunecar FEDC op 19th"]
[Site "Almunecar"]
[Date "2017.10.06"]
[Round "7.20"]
[White "Montilla Bejarano, Carmen"]
[Black "Morales Torres, Ildefonso"]
[Result "1-0"]
[WhiteElo "1175"]
[BlackElo "1067"]
[PlyCount "67"]
[EventDate "2017.09.30"]
[EventType "swiss"]
[EventRounds "7"]
[EventCountry "ESP"]
[SourceTitle "EXT 2024"]
[Source "ChessBase"]
[SourceDate "2023.10.10"]
[SourceVersion "1"]
[SourceVersionDate "2023.10.10"]
[SourceQuality "1"]

1. Nf3 g6 2. Nc3 Bg7 3. d4 d6 4. e4 Nf6 5. d5 b6 6. e5 dxe5 7. Nxe5 Bb7 8. Bb5+ Nbd7 9. Nxd7 Nxd7 10. 0-0 0-0 11. Re1 Nf6 12. d6 exd6 13. Bg5 c6 14. Ba4 b5 15. Bb3 d5 16. Qf3 Qd6 17. Rad1 Rae8 18. Ne2 Re5 19. h4 Rfe8 20. Bf4 Qd7 21. Bxe5 Rxe5 22. Ng3 Re6 23. Rxe6 fxe6 24. c4 bxc4 25. Bxc4 a6 26. h5 e5 27. h6 Bh8 28. Bd3 e4 29. Bxe4 Nxe4 30. Nxe4 Qe6 31. Nc5 Qe7 32. Nxb7 Qxb7 33. Re1 Qxb2 34. Re8# 1-0

[Event "Benidorm op 18th"]
[Site "Benidorm"]
[Date "2017.06.17"]
[Round "7"]
[White "Morales Torres, Ildefonso"]
[Black "Menor de Gaspar, Juan Antonio"]
[Result "1/2-1/2"]
[WhiteElo "1063"]
[BlackElo "1159"]
[PlyCount "42"]
[EventDate "2017.06.11"]
[EventType "swiss"]
[EventRounds "7"]
[EventCountry "ESP"]
[SourceTitle "EXT 2018"]
[Source "ChessBase"]
[SourceDate "2017.10.13"]
[SourceVersion "1"]
[SourceVersionDate "2017.10.13"]
[SourceQuality "1"]

1. e4 e5 2. Nf3 Nf6 3. Bc4 Nxe4 4. Qe2 d5 5. d3 dxc4 6. dxe4 Bg4 7. Nbd2 b5 8. h3 Bxf3 9. Nxf3 Bb4+ 10. c3 Bc5 11. 0-0 0-0 12. Nxe5 Qh4 13. Nf3 Rd8 14. Nxh4 Nd7 15. Qg4 Kf8 16. Be3 Ne5 17. Qf4 g5 18. Qxg5 Bxe3 19. fxe3 Nd3 20. Qxb5 Rab8 21. Qc5+ Nxc5 1/2-1/2

[Event "Benidorm op 18th"]
[Site "Benidorm"]
[Date "2017.06.16"]
[Round "6"]
[White "Mengot Pardo, Fernando"]
[Black "Morales Torres, Ildefonso"]
[Result "1/2-1/2"]
[WhiteElo "1581"]
[BlackElo "1063"]
[PlyCount "35"]
[EventDate "2017.06.11"]
[EventType "swiss"]
[EventRounds "7"]
[EventCountry "ESP"]
[SourceTitle "EXT 2018"]
[Source "ChessBase"]
[SourceDate "2017.10.13"]
[SourceVersion "1"]
[SourceVersionDate "2017.10.13"]
[SourceQuality "1"]

1. e4 e5 2. Nf3 Nc6 3. d4 d6 4. d5 Nce7 5. Nc3 Bd7 6. Bc4 Nf6 7. 0-0 Bg4 8. h3 Bh5 9. Bg5 h6 10. Bxf6 gxf6 11. Bb5+ c6 12. dxc6 bxc6 13. Ba4 Rb8 14. g4 Bg6 15. Nd5 Bg7 16. Nxe7 Kxe7 17. Bxc6 h5 18. Nh4 1/2-1/2

[Event "Benidorm FEDC op 16th"]
[Site "Benidorm"]
[Date "2016.06.18"]
[Round "7.16"]
[White "Iglesias Estrada, Jesus"]
[Black "Morales Torres, Ildefonso"]
[Result "1-0"]
[WhiteElo "1354"]
[BlackElo "1089"]
[PlyCount "27"]
[EventDate "2016.06.12"]
[EventType "swiss"]
[EventRounds "7"]
[EventCountry "ESP"]
[SourceTitle "EXT 2024"]
[Source "ChessBase"]
[SourceDate "2023.10.10"]
[SourceVersion "1"]
[SourceVersionDate "2023.10.10"]
[SourceQuality "1"]

1. Nc3 Nf6 2. b3 e5 3. e3 d5 4. Qe2 Bg4 5. f3 Bh5 6. Bb2 Bc5 7. Qb5+ c6 8. Qxb7 0-0 9. Qxa8 Re8 10. 0-0-0 Qc7 11. Bb5 cxb5 12. Nxd5 Nbd7 13. Nxc7 Rxa8 14. Nxa8 1-0